Statistiques concernant Paroles - Mourir sur scène - Dalida

Cliquez ici pour prendre le quiz!

Statistiques générales

  • Ce quiz a été pris 1 543 fois
  • Le résultat moyen est 204 sur 243

Statistiques - réponses

Réponse% Correct
je
99%
veux
99%
de
98%
le
98%
moi
98%
mourir
98%
scène
98%
sur
98%
les
96%
a
95%
projecteurs
94%
93%
la
93%
ma
93%
en
92%
se
92%
devant
91%
ne
91%
vie
90%
au
89%
pas
89%
qui
89%
tout
89%
dans
88%
mais
88%
un
88%
et
87%
quand
86%
Il
85%
oui
85%
coeur
84%
jour
84%
sans
84%
serai
83%
seule
83%
y
83%
Viens
82%
viens
82%
ai
80%
chantant
80%
moindre
80%
peine
80%
bout
79%
ceux
79%
jusqu'au
79%
mort
79%
veulent
79%
aussi
78%
leur
78%
rideau
78%
plein
77%
dernier
76%
lit
76%
ouvert
76%
pluie
76%
qu'il
76%
rendez-vous
76%
soleil
76%
tombe
76%
choisi
75%
derrière
75%
tombera
75%
choisir
74%
couleurs
74%
d'autres
74%
sommeil
74%
seuls
69%
une
69%
que
68%
c'est
66%
tranquilles
66%
soir
65%
suis
64%
tu
63%
gala
62%
sous
61%
avec
59%
née
59%
on
59%
si
59%
salle
58%
comble
57%
plutôt
56%
lumières
55%
peux
55%
tous
55%
connait
54%
l'ombre
54%
partir
54%
déjà
53%
vu
53%
danser
52%
choisis
51%
fusillée
51%
s'est
51%
lasers
50%
trop
50%
bien
49%
près
49%
deux
47%
souviens-toi
47%
brûlé
44%
orchestrée
41%
d'une
39%

Distribution des résultats

Percentile par nombre de réponses

% des personnes avec chaque résultat

Votre développement - résultats

Vous n’avez pas pris ce quiz